Trois Villes, Un Pays #2 - Statistiques

Statistiques générales
  • Ce quiz a été pris 101 fois
  • Le résultat moyen est 11 sur 15
Statistiques - réponses
Villes Pays % Correct
Stuttgart, Francfort, Dresde Allemagne
100%
Edmonton, Winnipeg, Montréal Canada
99%
Porto, Faro, Funchal Portugal
98%
Adélaïde, Perth, Melbourne Australie
97%
Thessalonique, Héraklion, Sparte Grèce
96%
Utrecht, Rotterdam, Maastricht Pays-Bas
96%
Djeddah, Médine, La Mecque Arabie Saoudite
89%
Oran, Constantine, Tamanrasset Algérie
87%
Daegu, Busan, Jeju Corée du Sud
79%
Constanța, Brașov, Cluj-Napoca Roumanie
71%
Alep, Lattaquié, Deir ez-Zor Syrie
66%
Valparaíso, Antofagasta, Conceptión Chili
61%
Almaty, Aktaou, Karaganda Kazakhstan
48%
Siem Reap, Sihanoukville, Battambang Cambodge
30%
Cebu, Angeles, Cagayan de Oro Philippines
27%
Aucun quiz correspondant
Distribution des résultats
% des personnes avec chaque résultat
Percentile par nombre de réponses
Votre historique - résultats
Vous n’avez pas pris ce quiz